000 00536nam a2200181Ia 4500
005 20250508154641.0
008 008 250505s9999 xx 000 0 eng d
037 _aBooks to be hide in OPAC
040 _aFEDL
_beng
_cFEDL
041 _aeng
_2eng
084 _a821.07, REE
_qFEDL
100 _aReeves James
245 0 _aTeaching poetry: Poetry in class five to fifteen
260 _aLondon, UK
_bHeinemann Educational Books Ltd.
_c1963
300 _axi,108p
942 _cHB
_h821.07, REE
999 _c1351405
_d1351405